Advancing the U.S. Air Force's Force-Development Initiative (Record no. 351684)
[ view plain ]
| 000 -LEADER | |
|---|---|
| fixed length control field | 00610nam a2200133Ia 4500 |
| 008 - FIXED-LENGTH DATA ELEMENTS--GENERAL INFORMATION | |
| fixed length control field | 171212s9999 xx 000 0 und d |
| 020 ## - INTERNATIONAL STANDARD BOOK NUMBER | |
| International Standard Book Number | 9780833040121 |
| 100 ## - MAIN ENTRY--PERSONAL NAME | |
| Personal name | Moore, S. Craig;Brauner, Marygail K. |
| 245 ## - TITLE STATEMENT | |
| Statement of responsibility, etc | Moore, S. Craig;Brauner, Marygail K. |
| Title | Advancing the U.S. Air Force's Force-Development Initiative |
| 260 ## - PUBLICATION, DISTRIBUTION, ETC. (IMPRINT) | |
| Name of publisher, distributor, etc | RAND Corporation |
| Date of publication, distribution, etc | 2007 |
| 650 ## - SUBJECT ADDED ENTRY--TOPICAL TERM | |
| Topical term or geographic name as entry element | Management & Organizational Behavior |
| 650 ## - SUBJECT ADDED ENTRY--TOPICAL TERM | |
| Topical term or geographic name as entry element | United States. Air Force -- Officers; United States. Air Force -- Occupational specialtiesl; United States. Air Force -- Personnel management |
| 856 ## - ELECTRONIC LOCATION AND ACCESS | |
| Uniform Resource Identifier | <a href="www.jstor.org/stable/10.7249/mg545af">www.jstor.org/stable/10.7249/mg545af</a> |
| Withdrawn status | Lost status | Damaged status | Home library | Current library | Date acquired | Total Checkouts | Full call number | Date last seen | Price effective from | Koha item type |
|---|---|---|---|---|---|---|---|---|---|---|
| College Library | College Library | 12/12/2017 | UG793.M63 2007 | 12/12/2017 | 12/12/2017 | Curriculum - Based eBooks |